Taylor Swift Lyrics With No Title Quiz Stats

 Plays Quiz not verified by Sporcle

Support Sporcle.
Go Orange.
Score 0/225 Timer 10:00
0 Plays Today
Answer % Correct
I
96.7%
I
96.7%
I
96.7%
a
95.6%
a
95.6%
a
95.6%
you
93.7%
you
93.7%
you
93.7%
the
93.5%
the
93.5%
the
93.5%
the
93.5%
the
93.5%
me
91.4%
me
91.4%
me,
91.4%
me
91.4%
me
91.4%
me,
91.4%
me,
91.4%
me
91.4%
He
90%
he
90%
he
90%
we
88.1%
to
85.8%
and
84.7%
and
84.7%
And
84.7%
and
84.7%
And
84.7%
and
84.7%
it
83.9%
it
83.9%
it
83.9%
it
83.9%
do,'
83.3%
is
83.1%
is,
83.1%
is
83.1%
is
83.1%
is
83.1%
my
82.4%
my
82.4%
my
82.4%
my
82.4%
'No
81.8%
in
81.2%
in
81.2%
your
81.2%
in
81.2%
in
81.2%
in
81.2%
in
81.2%
this
80.8%
this
80.8%
this
80.8%
so
80.3%
so
80.3%
so
80.3%
so
80.3%
so
80.3%
so
80.3%
[Chorus]
79.7%
[Verse 2]
79.7%
[Chorus]
79.7%
[Bridge again]
79.7%
[Bridge]
79.7%
[Chorus]
79.7%
of
78.9%
of
78.9%
see
78.9%
see
78.9%
see
78.9%
Answer % Correct
see
78.9%
Say
78.7%
say
78.7%
said,
78.7%
Say
78.7%
say
78.7%
can
76.6%
one
76.6%
one
76.6%
are
76.4%
are
76.4%
know
76.1%
get
75.7%
dress,
75.3%
Red
75.3%
dress,
75.3%
Red
75.3%
at
74.5%
at
74.5%
if
73.9%
all
73.9%
if
73.9%
out
73.6%
out
73.6%
what
73.6%
remember
72.8%
it's
72.8%
remember
72.8%
it's
72.8%
as
72.6%
as
72.6%
lips
72.6%
as
72.6%
lips
72.6%
just
72.4%
wildest
72.4%
Wildest
72.4%
just
72.4%
but
72.2%
but
72.2%
But
72.2%
but
72.2%
when
72%
last
72%
last
72%
when
72%
you'll
71.8%
you'll
71.8%
hands
71.8%
You'll
71.8%
you'll
71.8%
you'll
71.8%
standing
71.5%
dreams
71.5%
dreams,
71.5%
standing
71.5%
'Let's
71.1%
town,
70.5%
again,
70.5%
again,
70.5%
bad,
70.3%
does
70.3%
bad,
70.3%
does
70.3%
well.
69.9%
nice
69.9%
well.
69.9%
nice
69.9%
sunset,
69.7%
sunset,
69.7%
staring
69.5%
has
69.5%
staring
69.5%
from
69.2%
now.
69.2%
Answer % Correct
now.
69.2%
city,
69%
hell.
69%
hell.
69%
down.
68.8%
He's
68.8%
He's
68.8%
babe.
68.8%
even
68.8%
He's
68.8%
He's
68.8%
down.
68.8%
babe.
68.8%
even
68.8%
forever,
68.6%
rosy
68.6%
His
68.6%
his
68.6%
his
68.6%
forever.
68.6%
rosy
68.6%
cheeks,
68.4%
cheeks,
68.4%
away
68.2%
end
67.8%
drive
67%
can't
67%
tall,
67%
handsome
67%
tall,
67%
handsome
67%
Nothing
66.9%
room.
66.9%
nothing
66.9%
with
66.9%
night,
66.5%
our
66.3%
hair,
65.9%
kiss,
65.9%
lasts
65.3%
lasts
65.3%
good
65.1%
says,
64.6%
clothes
64.6%
take
64.2%
help
63.4%
up
62.8%
heaven
62.6%
Ah-ah, ah...
62.5%
ah-ah,ah...
62.5%
crowds.'
62.3%
sound,
62.1%
begins,
61.9%
gonna
61.7%
voice
61.5%
getting
60.7%
familiar
60.5%
condition
59.4%
request
59.4%
burning
59.2%
around.
58.2%
hindsight,
57.9%
very
57.7%
had
56.7%
tangled
56.7%
I'll
56.3%
follow
56.3%
thought,
56.1%
bet
56.1%
memories
55.9%
these
55.4%
leave
55.2%
pretend...
55%
Someday,
53.1%
we've
49.6%

You're not logged in!

Compare scores with friends on all Sporcle quizzes.
OR
Log In

From the Vault

Click the Musical Instruments

by mg10

It's okay to toot your own horn if you drum up the correct answers here.
Remove Ads.
Support Sporcle.
Get the best of Sporcle when you Go Orange. This ad-free experience offers more features, more stats, and more fun while also helping to support Sporcle. Thank you for becoming a member.

Show Comments

Extras

Top Quizzes Today


Score Distribution

Your Account Isn't Verified!

In order to create a playlist on Sporcle, you need to verify the email address you used during registration. Go to your Sporcle Settings to finish the process.

Report this User

Report this user for behavior that violates our Community Guidelines.

Details: